Loading...
| Literature - American | 0 | 7 | 0 | 0 | 70 | 25 | 95.57 | 1 | 2 | 36.23 | 72.73 |
| Literature - American | 0 | 7 | 0 | 0 | 70 | 25 | 95.57 | 1 | 2 | 26.64 | 65.03 |
| Fine Arts - Visual | 0 | 6 | 1 | 0 | 55 | 85 | 91.83 | 0 | 3 | 0.00 | 0.00 |
| Fine Arts - Visual | 0 | 6 | 1 | 0 | 55 | 85 | 91.83 | 0 | 3 | 21.27 | 44.17 |
| Philosophy | 0 | 5 | 0 | 1 | 50 | 44 | 88.00 | 1 | 2 | 0.00 | 0.00 |
| Philosophy | 0 | 5 | 0 | 1 | 50 | 44 | 88.00 | 1 | 2 | 16.43 | 43.27 |
| Mythology | 0 | 4 | 1 | 0 | 35 | 64 | 94.50 | 0 | 0 | 12.16 | 13.33 |
| Mythology | 0 | 4 | 1 | 0 | 35 | 64 | 94.50 | 0 | 0 | 0.00 | 0.00 |
| History - American | 0 | 3 | 0 | 2 | 30 | 89 | 112.33 | 0 | 1 | 2.64 | 23.33 |
| Science - Other | 0 | 3 | 0 | 0 | 30 | 30 | 62.33 | 1 | 2 | 19.80 | 29.51 |
| History - American | 0 | 3 | 0 | 2 | 30 | 89 | 112.33 | 0 | 1 | 0.00 | 0.00 |
| Literature - European | 0 | 4 | 2 | 2 | 30 | 54 | 103.75 | 0 | 1 | 0.00 | 0.00 |
| Literature - European | 0 | 4 | 2 | 2 | 30 | 54 | 103.75 | 0 | 1 | 13.28 | 32.84 |
| Science - Other | 0 | 3 | 0 | 0 | 30 | 30 | 62.33 | 1 | 2 | 0.00 | 0.00 |
| Science - Physics | 0 | 2 | 0 | 0 | 20 | 52 | 84.00 | 0 | 1 | 8.10 | 17.78 |
| Science - Chemistry | 0 | 2 | 0 | 0 | 20 | 97 | 111.50 | 0 | 0 | 0.00 | 0.00 |
| Science - Physics | 0 | 2 | 0 | 0 | 20 | 52 | 84.00 | 0 | 1 | 0.00 | 0.00 |
| Geography/Current Events | 0 | 2 | 0 | 0 | 20 | 71 | 79.50 | 1 | 1 | 14.65 | 34.00 |
| Geography/Current Events | 0 | 2 | 0 | 0 | 20 | 71 | 79.50 | 1 | 1 | 0.00 | 0.00 |
| Literature - World/Other | 0 | 2 | 0 | 2 | 20 | 128 | 138.00 | 0 | 0 | 0.00 | 0.00 |
| Literature - World/Other | 0 | 2 | 0 | 2 | 20 | 128 | 138.00 | 0 | 0 | 1.17 | 3.33 |
| Science - Chemistry | 0 | 2 | 0 | 0 | 20 | 97 | 111.50 | 0 | 0 | 1.31 | 4.44 |
| Literature - British | 0 | 2 | 1 | 0 | 15 | 120 | 128.50 | 0 | 0 | 1.45 | 3.89 |
| Literature - British | 0 | 2 | 1 | 0 | 15 | 120 | 128.50 | 0 | 0 | 0.00 | 0.00 |
| Fine Arts - Classical Music | 0 | 1 | 0 | 0 | 10 | 108 | 108.00 | 0 | 0 | 0.00 | 0.00 |
| Fine Arts - Classical Music | 0 | 1 | 0 | 0 | 10 | 108 | 108.00 | 0 | 0 | 1.36 | 3.33 |
| Fine Arts - Other | 0 | 2 | 2 | 0 | 10 | 68 | 107.00 | 0 | 1 | 5.02 | 8.06 |
| Fine Arts - Other | 0 | 2 | 2 | 0 | 10 | 68 | 107.00 | 0 | 1 | 38.52 | 72.73 |
| History - Other | 0 | 1 | 0 | 0 | 10 | 101 | 101.00 | 0 | 0 | 0.00 | 0.00 |
| History - Other | 0 | 1 | 0 | 0 | 10 | 101 | 101.00 | 0 | 0 | 1.76 | 6.79 |
| Other Academic | 0 | 1 | 0 | 1 | 10 | 103 | 103.00 | 0 | 0 | 5.98 | 5.00 |
| Social Science | 0 | 1 | 1 | 0 | 5 | 98 | 98.00 | 0 | 0 | 0.00 | 0.00 |
| Social Science | 0 | 1 | 1 | 0 | 5 | 98 | 98.00 | 0 | 0 | 1.85 | 1.56 |
| Pop Culture | 0 | 0 | 1 | 0 | -5 | 0.00 | 0 | 0 | 0.00 | 0.00 | |
| Religion | 0 | 0 | 2 | 0 | -10 | 0.00 | 0 | 0 | 0.00 | 0.00 |